Normal view
MARC view
- DNA.
Entry Topical Term
001 - CONTROL NUMBER
- control field: 45327
003 - CONTROL NUMBER IDENTIFIER
- control field: OSt
005 - DATE AND TIME OF LATEST TRANSACTION
- control field: 20220601144440.0
008 - FIXED-LENGTH DATA ELEMENTS
- fixed length control field: 220601|| aca||aabn | a|a d
040 ## - CATALOGING SOURCE
- Original cataloging agency: OSt
- Transcribing agency: OSt
150 ## - HEADING--TOPICAL TERM
- Topical term or geographic name entry element: DNA.
670 ## - SOURCE DATA FOUND
- Source citation: Work cat.: (OSt): Purtill, Michael. 45326, Everybody's got a price:, ©2011.
